The history and character of Calvinism.

Bibliographic Details
Main Author: McNeill, John T. (John Thomas), 1885-1975
Format: Book
Language:English
Published: New York : Oxford University Press, 1954.
Subjects:

MARC

Tag First Indicator Second Indicator Subfields
LEADER 00000cam a22000001 4500
001 in00000038440
005 20151007081039.0
008 721219s1954 nyu b 00000 eng
010 |a  54006911  
035 |a (OCoLC)00387464 
035 |9 AAF5795AM 
040 |a DLC  |c DLC  |d TXA  |d UtOrBLW 
049 |a TXAM  |c [235570] 
050 0 0 |a BX9422  |b .M32 
082 0 |a 284.2 
092 |a 284.2  |b M169h 
100 1 |a McNeill, John T.  |q (John Thomas),  |d 1885-1975. 
245 1 4 |a The history and character of Calvinism. 
264 1 |a New York :  |b Oxford University Press,  |c 1954. 
300 |a x, 466 pages ;  |c 22 cm. 
336 |a text  |b txt  |2 rdacontent 
337 |a unmediated  |b n  |2 rdamedia 
338 |a volume  |b nc  |2 rdacarrier 
504 |a Bibliography: pages 441-450. 
650 0 |a Calvinism. 
999 |a MARS 
999 f f |s a23ecae6-6624-3107-ae4a-7242a882af35  |i 6c37b384-8206-37e8-931a-2354e58d41e9  |t 0 
952 f f |p ric  |a Texas A&M University  |b Rellis Campus  |c Joint Library Facility  |d Remote Storage  |t 0  |e BX9422 .M32  |h Library of Congress classification  |i unmediated -- volume  |m A14800624322 
998 f f |a BX9422 .M32  |t 0  |l Remote Storage